Statistiken für Pokémon Entwicklungen der ersten Generation

Klicken Sie hier um das Quiz zu spielen!

Allgemein

  • Dieses Quiz wurde 327 mal gespielt
  • Das Durchschnittsergebnis liegt bei 26 aus 27

Antwortstatistiken

PokémonEvolution% Korrekt
Bisasam (2)Bisaflor
100%
Glumanda (2)Glurak
100%
BisasamBisaknosp
99%
GlumandaGlutexo
99%
Schiggy (2)Turtok
99%
AbraKadabra
98%
PikachuRaichu
97%
SchiggySchillok
97%
Abra (2)Simsala
97%
Nebulak (2)Gengar
96%
RattfratzRattikarl
96%
EntonEntoron
95%
KleinsteinGeorok
95%
MacholloMaschock
95%
FukanoArkani
94%
Kleinstein (2)Geowaz
94%
Machollo (2)Machomei
94%
TentachaTentoxa
94%
RettanArbok
93%
Hornliu (2)Bibor
93%
RaupySafcon
93%
Raupy (2)Smettbo
93%
NebulakAlpollo
92%
PonitaGaloppa
92%
HornliuKokuna
92%
MauziSnobilikat
92%
PummeluffKnuddeluff
90%

Verteilung der Resultate

Perzentil nach korrekt beantworteten Fragen

Anzahl Personen mit jedem Resultat

Ihre Resultats-Entwicklung

Sie haben dieses Quiz noch nicht gespielt